| 000 | 01182nam a2200241Ia 4500 | ||
|---|---|---|---|
| 003 | OSt | ||
| 005 | 20210805105436.0 | ||
| 008 | 210310s1987 ck ad fr 000 0 spa d | ||
| 040 |
_aCO-JMCR _cCO-JMCR |
||
| 041 | 0 | _aspa | |
| 082 | 0 | 4 |
_a332.4986 / _bA949p _223 |
| 100 | 1 |
_aAvella Gómez, Mauricio, _916684 _eautor |
|
| 245 | 1 | 0 |
_aPensamiento y política monetaria en Colombia : _b1886-1945 / _cAvella Gómez, Mauricio, |
| 250 | _aPrimera edición | ||
| 260 |
_aBogotá : _bContraloría General de República, _c1987 |
||
| 300 |
_a388 páginas, 6 hojas plegables] : _bilustraciones y gráficas a blanco y negro ; _c24 cm. |
||
| 500 | _aIncluye notas a pie de página. | ||
| 505 | 0 | _aDel papel moneda a la moneda de papel -- El pensamiento económico de Kemmerer y su influjo en la reforma financiera de 1923 -- El patrón oro. Auge y colapso del patrón monetario -- La madurez de la política económica (a manera de epílogo) -- La definición del dinero en Colombia (1923-1950) | |
| 650 | 1 | 4 |
_aFinanzas _916686 _y1886-1945 _zColombia |
| 650 | 2 | 4 |
_aPolítica monetaria _y1886-1945 _zColombia _939090 |
| 650 | 2 | 4 |
_aColombia _xHistoria económica _y1886-1945 _939091 |
| 942 |
_2ddc _cBK |
||
| 999 |
_c8228 _d8228 |
||